TransCOVER - need and skills analysis

Gespeichert in:
Bibliographische Detailangaben
1. Verfasser: Malátek, Vojtěch
Weitere Verfasser: Mezuláník, Jiří, Veselý, Ivo
Format: Buchkapitel
Sprache:Englisch
Tags: Tag hinzufügen
Keine Tags, Fügen Sie das erste Tag hinzu!

MARC

LEADER 00000naa$a2200000$$$4500
001 0027563
005 20230929124830.4
041 0 |a eng 
044 |a CZ 
245 1 0 |a TransCOVER - need and skills analysis  |c Vojtěch Malátek, Jiří Mezuláník, Ivo Veselý 
100 1 |a Malátek, Vojtěch 
700 1 |a Mezuláník, Jiří 
700 1 |a Veselý, Ivo